000 00833nam a2200217Ii 4500
003 JO-AjNU
008 230605s9999||||xx |||||||||||||| ||und||
017 _a1998/2/76
040 _aJO-AjNU
_bara
_erda
_cJO-AjNU
041 _aara
050 1 4 _aHB171.S2588.1998
100 3 _aالسمان،محمد مروان/محمد ظافر محبك/احمد زهير شامية,
_eauthor
_933308
245 0 0 _aمبادىء التحليل الاقتصادي :الكلي والجزئي
250 _aط2العربية مزيدة ومنقحة
264 3 1 _aعمان:مكتبة دار الثقافة للنشر والتوزيع،1998
300 _a418ص
336 _atext
_btxt
_2rdacontent
337 _aunmediated
_bn
_2rdamedia
338 _avolume
_bnc
_2rdacarrier
650 4 _aالاقتصاد-التحليل الاقتصادي
_933309
999 _aA13544
_c17112
_d17112